| 000 | 02415cam a22004454i 4500 | ||
|---|---|---|---|
| 003 | PE-LiUPU | ||
| 005 | 20250731165408.0 | ||
| 008 | 151015s2014 pe a grm 000 0 spa d | ||
| 035 | _a(Sirsi) a154891 | ||
| 040 |
_aPE-LiUPU _bspa _cPE-LiUPU _erda |
||
| 099 |
_aTE 3 _bQ23 2014 |
||
| 100 | 1 |
_aQuea Larico, Isaac Neonel _eautor |
|
| 245 | 1 |
_aLiderazgo del director, su relación con el desempeño laboral de los profesores en el Colegio Adventista Tupac Amaru, 2014 / _cIsaac Neonel Quea Larico. |
|
| 264 | 0 | _c2014. | |
| 300 |
_a107 hojas : _bilustraciones; _c30 cm |
||
| 336 |
_atext _2rdacontent |
||
| 337 |
_aunmediated _2rdamedia |
||
| 338 |
_avolume _2rdacarrier |
||
| 502 |
_aTesis _b(Mg.) -- _cUniversidad Peruana Unión, _d2014. |
||
| 504 | _aIncluye referencias bibliográficas | ||
| 520 | 3 | _aEsta investigación tuvo por objeto determinar en qué medida se relaciona el estilo de liderazgo del director con el desempeño laboral de los profesores en el Colegio Adventista Tupac Amaru, ubicada en la provincia de San Román departamento de Puno. El estudio se sustentó en autores quienes definen liderazgo como un proceso de influencia en algunos individuos mediante sus actos, facilitan el movimiento de un grupo hacia una meta común, además definen el desempeño laboral del docente como el conjunto de habilidades de los docentes en el ejercicio de su labor. Se trabajó con una muestra de 70 docentes aplicándose un cuestionario destinado a recabar información sobre la variable pedictora: liderazgo y sus tres dimensiones: liderazgo liberal, liderazgo autocrático y liderazgo democrático; así como, sobre la variable desempeño laboral y cuatro dimensiones: manejo de tecnologías de información, atención empática al estudiante, aplicación de disposiciones y generación de cambios organizacionales. | |
| 526 | _aSEG44 | ||
| 526 | _aSEG26 | ||
| 526 | _aP151 | ||
| 526 | _aP150 | ||
| 526 | _aP149 | ||
| 526 | _aP146 | ||
| 526 | _aP145 | ||
| 526 | _aP126 | ||
| 526 | _aP125 | ||
| 526 | _aP92 | ||
| 526 | _aP75 | ||
| 526 | _aP74 | ||
| 526 | _aP27 | ||
| 526 | _aP15 | ||
| 650 | 0 | 4 |
_aColegio Adventista Túpac Amaru _xProfesores _xAdministración escolar |
| 596 | _a1 | ||
| 942 |
_2ddc _cTESIS |
||
| 999 |
_aTE 3 Q23 2014 _wALPHANUM _c7585 _iT01780 _lCCODEBUL3 _mBUL _r1 _sY _tTESIS _u2015-10-15 _xPOSGRADO _PP57 _o.STAFF. Tesis _d7585 |
||
| 980 |
_81 _gALBERTO SANCHEZ Responsable de Automatización |
||